| 000 | 00718cab a2200253 4500 | ||
|---|---|---|---|
| 001 | ABS47761 | ||
| 008 | 090401t1992 xxu||||| |||| 00| 0 eng d | ||
| 035 | _a(Sirsi) u63348 | ||
| 041 | _aeng | ||
| 100 | _aDurkacz, V. | ||
| 245 | _aHow to win the rating game | ||
| 260 | _c1992 | ||
| 350 | _a0 | ||
| 490 |
_aArchitects` Journal _v196(20) 18 November 1992, 26(1) |
||
| 520 | _aLooks at the way in which charities can gain zero-rating for construction or alteration work through a variety of VAT reliefs. | ||
| 650 | _aCHARITIES | ||
| 650 | _aLISTED BUILDINGS | ||
| 650 | _aVAT RELIEF | ||
| 650 | _aVALUE ADDED TAX | ||
| 650 | _aZERO RATING | ||
| 690 | _aTAXATION | ||
| 942 | _n0 | ||
| 948 | _c04/03/1997 | ||
| 999 |
_c39384 _d39384 |
||